000 00338nam a2200133 i 4500
001 bg
100 1 _aWANIEWSKI, Maciej
245 0 _aWpływ kierunku i wartości wstępnej deformacji... /
_cMaciej Waniewski.
260 _aWarszawa,
_c1983.
040 _cBPK
041 _apol
942 _cKS
008 s pl f |000 0 pol
999 _c22170
_d22170
856 _uhttp://koha.tu.koszalin.pl/cgi-bin/koha/opac-detail.pl?biblionumber=22170
_yKatalog online BPK